000 01722nam2a22002531 4500
001 RU\NLR\INFOCOMM7\5000024430
005 20250617024428.0
035 _a(NLR Aleph) 002388779
090 _a4624133
_c4624133
100 _a20041223d1917 |||y0rusy50 ca
101 0 _arus
102 _aRU
105 _ay ||||000|y
200 1 _aДороговизна жизни и борьба с ней
_fЛ.М. Ковальская
210 _d1917
_aБ. м.
461 0 _1001RU\NLR\INFOCOMM7\5000024371
_12001#$a[Труды Семинариев по политической экономии проф. И.М. Гольдштейна при Московском университете, Московском коммерческом институте и Московских высших женских курсах]$fСеминарии по полит. экономии при Юрид. фак. Моск. унив. Секция под руководством И.М. Гольдштейна$vВып.13
_94623798
_cМ.
_d1910-1919
_fСеминарии по полит. экономии при Юрид. фак. Моск. унив. Секция под руководством И.М. Гольдштейна
_t[Труды Семинариев по политической экономии проф. И.М. Гольдштейна при Московском университете, Московском коммерческом институте и Московских высших женских курсах]
_vВып.13
700 1 _aКовальская
_bЛ.М.
_4070
801 1 _aRU
_bInfoComm
_c20041223
801 0 _aRU
_bNLR
_gPSBO
852 _aNLR
_j129/329
942 _cISSUE
980 _aNB
980 _aRUSPER